Georgia in different Languages - Statistics

General Stats
  • This quiz has been taken 13 times
  • The average score is 29 of 77
Answer Stats
Language Georgia % Correct
Acehnese Georgia
90%
Estonian alternate Georgia
90%
Faroese Georgia
90%
Finnish Georgia
90%
Guaraní Georgia
90%
Indonesian Georgia
90%
Italian Georgia
90%
Latin Georgia
90%
Norwegian Georgia
90%
Romanian Georgia
90%
Spanish Georgia
90%
Welsh Georgia
90%
Catalan Geòrgia
90%
Icelandic Georgía
90%
Greek Georgía
90%
Portuguese Geórgia
90%
Afrikaans Georgië
80%
Dutch Georgië
80%
Alemannic Georgie
80%
French Géorgie
80%
Georgian Sakartvelo
80%
Min Nan Sakartvelo
80%
Danish Georgien
70%
German Georgien
70%
Low Saxon Georgien
70%
Swedish Georgien
70%
English alternative Gruzia
50%
Vietnamese alternative Gruzia
50%
Hungarian Grúzia
50%
Czech Gruzie
40%
Croatian Gruzija
30%
Latvian Gruzija
30%
Lithuanian variant Gruzija
30%
Slovene Gruzija
30%
Macedonian Gruzija
30%
Serbian Gruzija
30%
Bulgarian Gruziya
30%
Russian Gruziya
30%
Hebrew variant Gruziya
30%
Polish Gruzja
30%
Turkish Gürcistan
30%
Azeri Gürcüstan
20%
Hebrew Georgiya
10%
Persian Gorjestân
10%
Estonian Gruusia
10%
Võro Gruusia
10%
Slovak Gruzínsko
10%
Korean Jojia
10%
Bengali Jorjiya
10%
Hindi Jŏrjiyā
10%
Sanskrit Jŏrjiyā
10%
Sinhala Jorjiya
10%
Tamil Jōrjiyā
10%
Lithuanian Sakartvelas
10%
Armenian Vrastan
10%
Scots Gaelic a' Chairtbheil
0%
Irish antSeoirsia
0%
Aragonese Cheorchia
0%
Thai Chochia
0%
Mandarin Chinese Gélǔjíyà
0%
Albania Gjeorgija
0%
Arabic Ǧorjīyā
0%
Vietnamese Grusia
0%
Esperanto Gruzio
0%
Inuktitut Gurujia
0%
Japanese Gurujia
0%
Avar Gurzhi
0%
Belarusian Hruziâ
0%
Ukrainian Hruziâ
0%
Maltese il-Ġeorġja
0%
Franco-Provençal Jôrg·i.e.
0%
Quechua Kartulsuyu
0%
Abkhaz Khyrthtẇyla
0%
Mandarin Chinese variant Qiáozhìyà
0%
Svan Sakartwelo
0%
Mingrelian Sakortuo
0%
Asturian Xorxa
0%
No matching quizzes found
Score Distribution
Percent of People with Each Score
Percentile by Number Answered
Your Score History
You have not taken this quiz